[Event "SR 3. liga A2 2008/2009"]
[Site "?"]
[Date "2008.11.17"]
[Round "2.8"]
[White "Kosar, Mikulas st"]
[Black "Markuliak, Mario"]
[Result "0-1"]
[WhiteElo "1862"]
[BlackElo "1702"]
[PlyCount "120"]
[EventDate "2008.??.??"]

1. e4 e5 2. Nf3 Nc6 3. Nc3 Nf6 4. a3 Be7 5. d4 exd4 6. Nxd4 O-O 7. Nf5 Re8 8.
Ng3 Bd6 9. Bd3 Bxg3 10. hxg3 d5 11. f3 dxe4 12. Nxe4 Nxe4 13. fxe4 Bf5 14. Qf3
Nd4 15. Qe3 Bxe4 16. O-O Bxd3 17. Qxd3 Ne2+ 18. Kh2 Qxd3 19. cxd3 Nxc1 20.
Raxc1 c6 21. Rc2 Rad8 22. Rd2 Re3 23. Rfd1 Rd6 24. Kh3 Rg6 25. d4 Rexg3+ 26.
Kh2 Kf8 27. Re1 R3g4 28. Rde2 Rh6+ 29. Kg1 Re6 30. Rxe6 fxe6 31. Rxe6 Rxd4 32.
Re2 Kf7 33. Kf2 Kf6 34. Kf3 g5 35. Ke3 Rd5 36. Kf3 h5 37. Kg3 h4+ 38. Kh3 Rd3+
39. Kh2 Kf5 40. Rf2+ Kg4 41. Re2 Rb3 42. Re4+ Kf5 43. Re2 c5 44. Rc2 c4 45.
Rxc4 Rxb2 46. Rc5+ Kg4 47. Rc4+ Kh5 48. a4 b5 49. axb5 Rxb5 50. Ra4 a5 51. Kh3
Kg6 52. Ra3 Kf5 53. Ra4 Ke5 54. Rg4 Kd6 55. Ra4 Kc5 56. Rg4 Kb6 57. Re4 Rc5 58.
Ra4 Kb5 59. Ra2 a4 60. Kg4 Kb4 0-1

[Event "SR 3. liga A2 2008/2009"]
[Site "?"]
[Date "2008.11.22"]
[Round "2.1"]
[White "Abel, Peter"]
[Black "Lesny, Stefan"]
[Result "1-0"]
[WhiteElo "2176"]
[BlackElo "2105"]
[PlyCount "93"]
[EventDate "2008.??.??"]

1. c4 Nf6 2. Nc3 c6 3. e4 e5 4. Nf3 d6 5. h3 Nbd7 6. d4 Be7 7. Be3 Qc7 8. Be2
exd4 9. Nxd4 Nc5 10. Qc2 O-O 11. O-O Re8 12. b4 Ncd7 13. a3 Ne5 14. f4 Ng6 15.
Bd3 a6 16. Nde2 Bf8 17. Bd4 Qd8 18. Rad1 Qc7 19. Ng3 Be7 20. Qf2 Bd8 21. Nge2
Nd7 22. g4 Bf6 23. Be3 Ngf8 24. g5 Bd8 25. h4 f6 26. Ng3 b6 27. Bb1 a5 28. b5
Nc5 29. Qd2 Be7 30. bxc6 Qxc6 31. Nd5 Bd8 32. gxf6 gxf6 33. Qg2 Kh8 34. Nh5
Nfe6 35. Ndxf6 Bxf6 36. Nxf6 Rf8 37. Nxh7 Rg8 38. Ng5 Rg7 39. Qd2 Nxe4 40. Qd5
Qxd5 41. cxd5 N6xg5 42. fxg5 Re7 43. Bd4+ Kg8 44. Rde1 Ba6 45. Rf4 Rf8 46.
Rxf8+ Kxf8 47. Rxe4 1-0

[Event "SR 3. liga A2 2008/2009"]
[Site "?"]
[Date "2008.11.22"]
[Round "2.2"]
[White "Csiba, Peter"]
[Black "Mihalik, Marek"]
[Result "1-0"]
[WhiteElo "2041"]
[BlackElo "2098"]
[PlyCount "73"]
[EventDate "2008.??.??"]

1. e4 c5 2. Nf3 d6 3. d4 cxd4 4. Nxd4 Nf6 5. Nc3 a6 6. Be3 e5 7. Nb3 Be7 8. f3
O-O 9. Qd2 Qc7 10. O-O-O b5 11. g4 Be6 12. Nd5 Bxd5 13. exd5 Nbd7 14. g5 Ne8
15. Kb1 f5 16. h4 Rc8 17. Bh3 b4 18. Qd3 g6 19. h5 a5 20. hxg6 hxg6 21. Qe2 Ng7
22. f4 a4 23. Nc1 Nc5 24. Bxc5 Qxc5 25. fxe5 dxe5 26. Nd3 Qc4 27. Qh2 Bd6 28.
Bf1 b3 29. cxb3 axb3 30. Qh7+ Kf7 31. Nxe5+ Bxe5 32. Bxc4 Rxc4 33. axb3 Rg4 34.
Rde1 Bd4 35. d6 Re4 36. Rxe4 fxe4 37. Rf1+ 1-0

[Event "SR 3. liga A2 2008/2009"]
[Site "?"]
[Date "2008.11.22"]
[Round "2.3"]
[White "Manak, Jozef"]
[Black "Ujhelyi, Matus"]
[Result "1/2-1/2"]
[WhiteElo "2009"]
[BlackElo "1926"]
[PlyCount "88"]
[EventDate "2008.??.??"]

1. e4 e6 2. d4 d5 3. Nd2 dxe4 4. Nxe4 Nd7 5. Nf3 Ngf6 6. Nxf6+ Nxf6 7. Bd3 Be7
8. O-O O-O 9. Bf4 b6 10. c3 Bb7 11. Ne5 c5 12. dxc5 Bxc5 13. Bc2 Qxd1 14. Raxd1
Rad8 15. Bg5 Bd6 16. Nc4 Bc7 17. Ne3 h6 18. Bh4 g5 19. Bg3 Bxg3 20. hxg3 Kg7
21. f3 h5 22. Kf2 Rh8 23. c4 h4 24. gxh4 Rxd1 25. Rxd1 Rxh4 26. Rd8 Rf4 27. Rb8
Be4 28. Bxe4 Nxe4+ 29. Ke2 Nd6 30. b3 Rd4 31. Ra8 f5 32. Rxa7+ Kf6 33. Rd7 Nb5
34. Rxd4 Nxd4+ 35. Kd3 Ke5 36. b4 Nc6 37. a3 Kf4 38. Nf1 e5 39. Ne3 g4 40. fxg4
fxg4 41. Nf1 e4+ 42. Kd2 Ne5 43. Ne3 Nc6 44. Nf1 Ne5 1/2-1/2

[Event "SR 3. liga A2 2008/2009"]
[Site "?"]
[Date "2008.11.22"]
[Round "2.4"]
[White "Obdrzalkova, Anitta"]
[Black "Gono, Michal"]
[Result "1-0"]
[WhiteElo "2005"]
[BlackElo "1854"]
[PlyCount "61"]
[EventDate "2008.??.??"]

1. d4 d5 2. Nf3 Nf6 3. c4 c6 4. Nc3 dxc4 5. a4 Bf5 6. e3 e6 7. Bxc4 Nbd7 8. O-O
Bg4 9. h3 Bh5 10. e4 Be7 11. e5 Nd5 12. Ne4 Bg6 13. Re1 O-O 14. Qe2 N7b6 15. a5
Bxe4 16. axb6 Bxf3 17. Qxf3 axb6 18. Rxa8 Qxa8 19. Qg4 Re8 20. Bh6 Bf8 21. h4
Kh8 22. Bg5 h6 23. Bd3 Ne7 24. Bd2 Qd8 25. Qe4 g6 26. g4 Qd5 27. Qf4 Kg8 28.
Re3 b5 29. Rf3 f5 30. exf6 g5 31. f7+ 1-0

[Event "SR 3. liga A2 2008/2009"]
[Site "?"]
[Date "2008.11.22"]
[Round "2.5"]
[White "Gono, Pavol"]
[Black "Takacs, Laszlo"]
[Result "1/2-1/2"]
[WhiteElo "1988"]
[BlackElo "1726"]
[PlyCount "91"]
[EventDate "2008.??.??"]

1. e4 c5 2. Nf3 e6 3. d4 cxd4 4. Nxd4 Nf6 5. Nc3 Bb4 6. Bd3 Nc6 7. Be3 d5 8.
Nxc6 bxc6 9. exd5 cxd5 10. O-O O-O 11. Bd4 Re8 12. f4 Qe7 13. Qe2 Bc5 14. Bxc5
Qxc5+ 15. Kh1 Bb7 16. Nb5 a6 17. Nc3 e5 18. fxe5 d4 19. Na4 Qc6 20. b3 Rxe5 21.
Qf3 Qxf3 22. gxf3 Re3 23. Kg2 Rae8 24. Nc5 Bc6 25. Nxa6 Nh5 26. Nc5 R8e5 27.
Ne4 Nf4+ 28. Kg3 Nxd3 29. cxd3 f5 30. Kf4 Re7 31. Kxf5 Rxd3 32. Rad1 Rxf3+ 33.
Rxf3 Bxe4+ 34. Kf4 Bxf3 35. Kxf3 Re3+ 36. Kf2 Rc3 37. Rxd4 Rc2+ 38. Kg3 Rxa2
39. b4 Kf7 40. Rd7+ Kf6 41. b5 Rb2 42. Rd5 h6 43. h4 Rb4 44. Rd6+ Kf5 45. Rd5+
Ke6 46. Rc5 1/2-1/2

[Event "SR 3. liga A2 2008/2009"]
[Site "?"]
[Date "2008.11.22"]
[Round "2.6"]
[White "Kahancova, Jana"]
[Black "Curidlo, Jan"]
[Result "0-1"]
[WhiteElo "1605"]
[BlackElo "1979"]
[PlyCount "48"]
[EventDate "2008.??.??"]

1. e4 c5 2. Nf3 d6 3. d4 cxd4 4. Nxd4 Nf6 5. Nc3 a6 6. Be2 e6 7. O-O Be7 8. Kh1
O-O 9. f4 Nbd7 10. b3 Qc7 11. Bb2 b5 12. a3 Bb7 13. Bd3 Rac8 14. Qe2 Rfe8 15.
Rae1 g6 16. Qf2 e5 17. fxe5 Nxe5 18. Qg3 Nh5 19. Qf2 Bg5 20. h4 Bf4 21. Nce2
Bh6 22. Nf3 Ng4 23. Qg1 Be3 24. Qxe3 Nxe3 0-1

[Event "SR 3. liga A2 2008/2009"]
[Site "?"]
[Date "2008.11.22"]
[Round "2.7"]
[White "Bincik, Pavol"]
[Black "Matus, David"]
[Result "1-0"]
[WhiteElo "1890"]
[BlackElo "1546"]
[PlyCount "131"]
[EventDate "2008.??.??"]

1. d4 d5 2. c4 e6 3. Nc3 Nf6 4. Bg5 Be7 5. Nf3 Nc6 6. e3 O-O 7. a3 h6 8. Bh4 g5
9. Bg3 Nh5 10. Nd2 Nxg3 11. hxg3 Kg7 12. b4 a6 13. Qb3 dxc4 14. Bxc4 b5 15. Be2
f5 16. Bf3 Bb7 17. Qxe6 Qd6 18. Rxh6 Qxe6 19. Rxe6 Bd6 20. Ke2 Rae8 21. Rxe8
Rxe8 22. Kd3 g4 23. Bd5 Bxb4 24. Bxc6 Bxc3 25. Bxe8 Bxa1 26. Kc2 Bxg2 27. Nb3
Be4+ 28. Kd2 Bb2 29. Nc5 Bd5 30. Nxa6 c6 31. Nb4 Kf8 32. Bd7 Be4 33. Nxc6 Bxa3
34. Kc3 Bxc6 35. Bxc6 b4+ 36. Kc4 Ke7 37. Ba4 Bc1 38. Bc2 Kf6 39. d5 Bd2 40.
Kd3 Be1 41. Ke2 Bc3 42. d6 Ke6 43. d7 Bf6 44. Kd2 b3 45. Bd3 b2 46. Kc2 Kxd7
47. Bxf5+ Kd6 48. Bxg4 Kc5 49. Bf5 Kc4 50. Kd2 Kb3 51. Bb1 Kc4 52. Ba2+ Kb4 53.
f4 Bg7 54. g4 Kc5 55. Kd3 Kd6 56. e4 Bf6 57. e5+ Bxe5 58. fxe5+ Kxe5 59. Ke3
Kf6 60. Kf4 Kg7 61. Kf5 Kh8 62. Kg6 b1=Q+ 63. Bxb1 Kg8 64. g5 Kh8 65. Kh6 Kg8
66. g6 1-0

[Event "SR 3. liga A2 2008/2009"]
[Site "?"]
[Date "2008.11.22"]
[Round "2.8"]
[White "Sitar, Martin"]
[Black "Manak, Adrian"]
[Result "0-1"]
[WhiteElo "1429"]
[BlackElo "1637"]
[PlyCount "90"]
[EventDate "2008.??.??"]

1. d4 d5 2. c4 c6 3. Nf3 Nf6 4. Nc3 dxc4 5. Bg5 Nd5 6. e3 b5 7. a4 b4 8. Nxd5
cxd5 9. Qd2 Qb6 10. Be2 Bf5 11. Bd1 e6 12. O-O b3 13. Nh4 Bb4 14. Qc1 Bd3 15.
Bxb3 Nc6 16. Rd1 h6 17. Bf4 Be2 18. a5 Bxa5 19. Ba4 Bb4 20. Rd2 Bxd2 21. Qxd2
Bd3 22. Nf3 O-O 23. Bxc6 Qxc6 24. Ne5 Qb5 25. h3 Qb3 26. Nd7 Rfd8 27. Nc5 Qc2
28. Qc3 Qxc3 29. bxc3 a5 30. Nb7 Rd7 31. Nc5 Rda7 32. Na4 Rb7 33. Bd6 Rb1+ 34.
Rxb1 Bxb1 35. Ba3 Rb8 36. Nc5 Bc2 37. Kf1 Rb1+ 38. Ke2 Ra1 39. Bb2 Ra2 40. Bc1
Be4+ 41. Ke1 Bxg2 42. h4 Bf3 43. Na6 Re2+ 44. Kf1 Rc2 45. Ba3 Rxc3 0-1

[Event "SR 3. liga A2 2008/2009"]
[Site "?"]
[Date "2008.11.16"]
[Round "2.1"]
[White "Gajarsky, Roman"]
[Black "Hecko, Dusan"]
[Result "0-1"]
[WhiteElo "1943"]
[BlackElo "2160"]
[PlyCount "58"]
[EventDate "2008.??.??"]

1. e4 c6 2. d4 d5 3. e5 Bf5 4. Bd3 Bxd3 5. Qxd3 e6 6. f4 g6 7. h4 h5 8. Nf3 Nh6
9. Be3 Qb6 10. b3 Nf5 11. Bf2 c5 12. O-O Nc6 13. c3 Rc8 14. Nbd2 cxd4 15. Nxd4
Ncxd4 16. cxd4 $11 Be7 17. Nf3 O-O 18. Rac1 Rc6 19. Rc2 Rfc8 20. Rfc1 Kg7 21.
Kh2 Ba3 22. Rxc6 Rxc6 23. Rc2 Qc7 24. Rxc6 Qxc6 25. Ne1 Qc1 26. g3 Qb2 27. Qc2
Nxd4 28. Qc8 Qxf2+ 29. Ng2 Bc5 0-1

[Event "SR 3. liga A2 2008/2009"]
[Site "?"]
[Date "2008.11.16"]
[Round "2.2"]
[White "Diviak, Rastislav"]
[Black "Kollarik, Gorazd"]
[Result "0-1"]
[WhiteElo "2022"]
[BlackElo "1941"]
[PlyCount "113"]
[EventDate "2008.??.??"]

1. e4 d5 2. exd5 Qxd5 3. Nc3 Qa5 4. d4 c6 5. Nf3 Nf6 6. Bd2 Bf5 7. Ne4 Qc7 8.
Nxf6+ gxf6 9. g3 e6 10. Bf4 Bd6 11. Bxd6 Qxd6 12. c3 Nd7 13. Bg2 Be4 14. Qe2
Bd5 15. O-O O-O 16. b3 Rfd8 17. Rad1 Qf8 18. c4 Bxf3 19. Qxf3 Nb6 20. Qxf6 Qg7
21. Qf4 Rd7 22. Rfe1 Rad8 23. Re5 h6 24. Be4 f5 25. Bc2 Re7 26. Rde1 Rde8 27.
Qe3 Qg5 28. Qxg5+ hxg5 29. Bxf5 Kf7 30. Bg4 Kf6 31. Kg2 Nd7 32. R5e4 Nf8 33. f4
gxf4 34. Rxf4+ Kg6 35. h4 Nh7 36. Ref1 Kg7 37. Bd1 Rf8 38. Rg4+ Kh8 39. Rxf8+
Nxf8 40. Re4 Kg7 41. g4 Nd7 42. g5 Nf8 43. Kg3 Rf7 44. Rf4 Rxf4 45. Kxf4 Ng6+
46. Kg4 Ne7 47. Bc2 b6 48. h5 c5 49. dxc5 bxc5 50. Be4 Nc8 51. h6+ Kf7 52. g6+
Kf6 53. g7 Kf7 54. Bh7 Ne7 55. g8=Q+ Nxg8 56. Bxg8+ Kxg8 57. Kf4 0-1

[Event "SR 3. liga A2 2008/2009"]
[Site "?"]
[Date "2008.11.16"]
[Round "2.3"]
[White "Barca, Michal"]
[Black "Cajka, Tibor"]
[Result "0-1"]
[WhiteElo "1783"]
[BlackElo "1907"]
[PlyCount "26"]
[EventDate "2008.??.??"]

1. c4 Nf6 2. d4 e6 3. Nc3 Bb4 4. g3 c5 5. Bg2 Qa5 6. Qd3 cxd4 7. Qxd4 Nc6 8.
Bxc6 Bxc3+ 9. bxc3 dxc6 10. Nf3 c5 11. Qe5 O-O 12. Bh6 Ne8 13. Be3 f6 0-1

[Event "SR 3. liga A2 2008/2009"]
[Site "?"]
[Date "2008.11.16"]
[Round "2.4"]
[White "Hanzluvka, Peter"]
[Black "Filip, Frantisek"]
[Result "1-0"]
[WhiteElo "2038"]
[BlackElo "1853"]
[PlyCount "94"]
[EventDate "2008.??.??"]

1. e4 d5 2. exd5 Qxd5 3. Nc3 Qe5+ 4. Be2 c6 5. d4 Qc7 6. Nf3 Nf6 7. O-O Bf5 8.
Bd3 Bg6 9. Ne2 e6 10. Bf4 Bd6 11. Bxd6 Qxd6 12. Ne5 Nbd7 13. Nc4 Qc7 14. c3 Bh5
15. Qd2 Bg6 16. a4 Ne4 17. Qf4 Qxf4 18. Nxf4 Nef6 19. Nxg6 hxg6 20. Nd6+ Ke7
21. Nxb7 Rh5 22. b4 Nd5 23. Be2 Rg5 24. Ra3 Nf4 25. Bf3 Rh8 26. Re1 Nf6 27. Re5
Rxe5 28. dxe5 N6d5 29. Nc5 f6 30. exf6+ gxf6 31. b5 Rb8 32. g3 Nh3+ 33. Kg2 Ng5
34. Na6 Rc8 35. c4 Nb6 36. Bxc6 Nxc4 37. Rd3 Ne5 38. Rc3 Ne4 39. Rc2 Nd6 40.
Be4 Ndc4 41. Nb4 Kd6 42. Nc6 Kc5 43. Nxe5 fxe5 44. Bxg6 Kb4 45. Bd3 Kb3 46.
Rxc4 Rxc4 47. Bxc4+ Kxc4 1-0

[Event "SR 3. liga A2 2008/2009"]
[Site "?"]
[Date "2008.11.16"]
[Round "2.5"]
[White "Skocik, Jozef"]
[Black "Blazkova, Barbora"]
[Result "1-0"]
[WhiteElo "1863"]
[BlackElo "1898"]
[PlyCount "53"]
[EventDate "2008.??.??"]

1. e4 c5 2. c4 d6 3. Nc3 Nf6 4. f4 Nbd7 5. Nf3 Nb6 6. d4 cxd4 7. Qxd4 e6 8. b3
Be7 9. Ba3 O-O 10. O-O-O d5 11. Bxe7 Qxe7 12. e5 Qa3+ 13. Kb1 Nfd7 14. cxd5
exd5 15. Nxd5 Nxd5 16. Qxd5 Nc5 17. Nd4 Bd7 18. Bb5 Rad8 19. Bxd7 Rxd7 20. Qf3
Qb4 21. Nc2 Rxd1+ 22. Rxd1 Qb6 23. Rd6 Qc7 24. Nb4 Ne6 25. Nd5 Qc5 26. Qd1 Rc8
27. Ne7+ 1-0

[Event "SR 3. liga A2 2008/2009"]
[Site "?"]
[Date "2008.11.16"]
[Round "2.6"]
[White "Diviak, Rudolf"]
[Black "Jancicka, Viliam"]
[Result "1-0"]
[WhiteElo "1894"]
[BlackElo "1653"]
[PlyCount "60"]
[EventDate "2008.??.??"]

1. e4 c5 2. Nf3 Nc6 3. d4 cxd4 4. Nxd4 e5 5. Nb5 d6 6. N1c3 Be6 7. Nd5 Rc8 8.
Nbc3 Be7 9. Bb5 Nf6 10. O-O O-O 11. Be3 Qd7 12. Nxf6+ Bxf6 13. Nd5 Bd8 14. c3
b6 15. Qa4 f5 16. Nb4 f4 17. Nxc6 fxe3 18. fxe3 Qc7 19. Rxf8+ Kxf8 20. Qxa7 Bg5
21. Rf1+ Kg8 22. Qa6 Bxe3+ 23. Kh1 Rf8 24. Rxf8+ Kxf8 25. Qa8+ Qc8 26. Qa7 Qd7
27. Qb8+ Qc8 28. Qxd6+ Kf7 29. Nxe5+ Kg8 30. Bd7 Bxd7 1-0

[Event "SR 3. liga A2 2008/2009"]
[Site "?"]
[Date "2008.11.16"]
[Round "2.8"]
[White "Skapik, Branislav"]
[Black "Niznansky, Lukas"]
[Result "1-0"]
[WhiteElo "1823"]
[BlackElo "1479"]
[PlyCount "81"]
[EventDate "2008.??.??"]

1. e4 e5 2. Nf3 Nc6 3. Bb5 a6 4. Ba4 Nf6 5. O-O Bc5 6. c3 O-O 7. Re1 d6 8. h3
Be6 9. d4 exd4 10. cxd4 Bb4 11. Nc3 Bd7 12. Bd2 Re8 13. Bc2 Ne7 14. Rc1 c6 15.
Ne2 Bxd2 16. Qxd2 d5 17. e5 Ne4 18. Bxe4 dxe4 19. Nh2 Bf5 20. Ng3 Qd5 21. Nhf1
Rad8 22. Ne3 Qxd4 23. Qxd4 Rxd4 24. Ngxf5 Nxf5 25. Nxf5 Rb4 26. a3 Rxb2 27.
Rxe4 g6 28. Nd6 Re7 29. f4 Ra2 30. a4 b5 31. Rxc6 bxa4 32. Rxa6 a3 33. Rc4 Ra1+
34. Kh2 a2 35. Rc2 Rf1 36. Rcxa2 Rxf4 37. Ra8+ Kg7 38. Re8 Rxe8 39. Nxe8+ Kf8
40. Ra8 Re4 41. Nd6+ 1-0

[Event "SR 3. liga A2 2008/2009"]
[Site "?"]
[Date "2008.11.16"]
[Round "2.1"]
[White "Halas, Miroslav"]
[Black "Hudacek, Josef"]
[Result "1/2-1/2"]
[WhiteElo "1939"]
[BlackElo "2065"]
[PlyCount "168"]
[EventDate "2008.??.??"]

1. e4 d6 2. d4 Nf6 3. Nc3 c6 4. a3 Nbd7 5. Bc4 e5 6. Nf3 Be7 7. Bg5 O-O 8. O-O
b5 9. Ba2 a5 10. d5 c5 11. Bxf6 Nxf6 12. Nxb5 Nxe4 13. Qd3 Bf5 14. Rfe1 Ng3 15.
Qc4 Nh5 16. h3 Nf6 17. Rad1 Rb8 18. Nxe5 dxe5 19. d6 Nd7 20. dxe7 Qxe7 21. Qe2
Bxc2 22. Qxc2 Rxb5 23. Qa4 Rb7 24. Qxa5 Rxb2 25. Rd2 Rxd2 26. Qxd2 Nf6 27. Qe3
Re8 28. Bc4 Qa7 29. Rb1 h6 30. Rb5 Nd7 31. Qb3 Re7 32. Rb7 Qa5 33. Bb5 c4 34.
Bxc4 Qe1+ 35. Bf1 e4 36. Qb5 e3 37. fxe3 Qxe3+ 38. Kh1 Qf2 39. Qd3 Re3 40. Rb2
Rxd3 41. Rxf2 $11 Rxa3 42. Bc4 Nf6 43. Kh2 Rc3 44. Ba2 Rc6 45. Rf4 Ra6 46. Bc4
Ra7 47. Rd4 g6 48. Rh4 Kg7 49. Rf4 Rc7 50. Bb3 Ne8 51. Rd4 Re7 52. Bc4 Nf6 53.
Bd3 Rd7 54. Rxd7 Nxd7 55. h4 Kf6 56. g4 Ke5 57. Kg3 Nc5 58. Bc2 Ne4+ 59. Kf3
Nd2+ 60. Ke3 Nc4+ 61. Kf3 Nd6 62. g5 h5 63. Kg3 Ne4+ 64. Kf3 Nd2+ 65. Ke3 Nc4+
66. Kf3 Nd6 67. Kg3 Nf5+ 68. Kh3 Kf4 69. Bb3 Nd6 70. Ba2 Ke5 71. Bb3 f5 72. Bg8
Nc8 73. Bf7 Ne7 74. Kg3 f4+ 75. Kf3 Nf5 76. Kg2 Kd4 77. Kf3 Ke5 78. Kg2 Ne3+
79. Kf3 Kf5 80. Be8 Nc4 81. Bd7+ Ke5 82. Be8 Kf5 83. Bd7+ Ke5 84. Be8 Kf5 $11
1/2-1/2

[Event "SR 3. liga A2 2008/2009"]
[Site "?"]
[Date "2008.11.16"]
[Round "2.2"]
[White "Kapusta, Petr"]
[Black "Klanica, Anton"]
[Result "1-0"]
[WhiteElo "2084"]
[BlackElo "1956"]
[PlyCount "49"]
[EventDate "2008.??.??"]

1. e4 e6 2. d4 d5 3. Nd2 Nf6 4. e5 Nfd7 5. Bd3 c5 6. c3 Qb6 7. Ne2 Nc6 8. Nf3
cxd4 9. cxd4 Bb4+ 10. Kf1 Nf8 11. h4 Bd7 12. Bg5 Be7 13. Rc1 a6 14. Rh3 f6 15.
Bf4 f5 $11 16. Nc3 Qd8 17. h5 Bb4 18. Bg5 Be7 19. Be3 Bb4 20. Ne2 Rc8 21. Rg3
g6 22. a3 Be7 23. Bh6 Rg8 24. Qd2 Qa5 25. Rxc6 {èierny èas} 1-0

[Event "SR 3. liga A2 2008/2009"]
[Site "?"]
[Date "2008.11.16"]
[Round "2.3"]
[White "Jurik, Michal"]
[Black "Kubis, Ivan"]
[Result "1/2-1/2"]
[WhiteElo "1924"]
[BlackElo "2042"]
[PlyCount "79"]
[EventDate "2008.??.??"]

1. Nf3 Nf6 2. c4 e6 3. Nc3 Bb4 4. d4 h6 5. Qc2 d5 6. a3 Bxc3+ 7. bxc3 O-O 8. e3
Nbd7 9. cxd5 exd5 10. c4 dxc4 11. Bxc4 Nb6 12. Bd3 Bg4 13. Ne5 Rc8 14. Nxg4
Nxg4 15. Bf5 Qh4 16. Bxc8 Rxc8 17. h3 c5 18. Qf5 Nf6 19. g3 Qe4 20. Qxe4 Nxe4
$11 21. dxc5 Rxc5 22. O-O Rc2 23. Rb1 Nc4 24. Rxb7 Nc3 25. Kg2 Ne2 26. Rb1 Nc3
27. Rb8+ Kh7 28. Rc8 Ne2 29. Rxc4 Rxc4 30. Bd2 Rc2 31. Rd1 Nc3 32. Rc1 Rxd2 33.
Rxc3 Ra2 34. g4 a5 35. h4 g6 36. Kg3 Kg7 37. f4 Ra1 38. g5 h5 39. Kg2 a4 40.
Kf2 $11 1/2-1/2

[Event "SR 3. liga A2 2008/2009"]
[Site "?"]
[Date "2008.11.16"]
[Round "2.4"]
[White "Londin, Martin"]
[Black "Hagara, Vladimir"]
[Result "1/2-1/2"]
[WhiteElo "1996"]
[BlackElo "1969"]
[PlyCount "37"]
[EventDate "2008.??.??"]

1. e4 e6 2. d4 d5 3. exd5 exd5 4. Bd3 Nf6 5. Ne2 Bd6 6. O-O O-O 7. Ng3 c6 8.
Nd2 Be6 9. Nf3 Bg4 10. h3 Bxg3 11. fxg3 Bh5 12. Bg5 Nbd7 13. g4 Bg6 14. Ne5
Bxd3 15. Qxd3 Qc7 16. Bf4 Qd8 17. Bg5 Qc7 18. Bf4 Qd8 19. Bg5 $11 1/2-1/2

[Event "SR 3. liga A2 2008/2009"]
[Site "?"]
[Date "2008.11.16"]
[Round "2.5"]
[White "Bahna, Jan"]
[Black "Vepy, Ivan"]
[Result "1-0"]
[WhiteElo "1935"]
[BlackElo "1941"]
[PlyCount "43"]
[EventDate "2008.??.??"]

1. e4 e5 2. Nf3 d6 3. d4 exd4 4. Nxd4 Nf6 5. Nc3 Be7 6. Bd3 O-O 7. O-O c5 8.
Nf3 Bg4 9. h3 Bh5 10. Bf4 Nc6 11. Re1 Nd4 12. g4 Nxg4 13. hxg4 Bxg4 14. Be2
Nxe2+ 15. Qxe2 Qd7 16. Qd3 Qe6 17. Bg3 Rad8 18. Nh2 Bh5 19. Nd5 Bg5 20. f4 Bh6
21. Kh1 g6 22. f5 1-0

[Event "SR 3. liga A2 2008/2009"]
[Site "?"]
[Date "2008.11.16"]
[Round "2.6"]
[White "Vogl, Zdenek"]
[Black "Holicky, Miroslav"]
[Result "0-1"]
[WhiteElo "1855"]
[BlackElo "1872"]
[PlyCount "62"]
[EventDate "2008.??.??"]

1. e4 a6 2. Nf3 b5 3. d4 Bb7 4. Bd3 Nf6 5. d5 e6 6. dxe6 dxe6 7. Bg5 Be7 8. Qe2
Nbd7 9. O-O h6 10. Bh4 c5 11. c3 O-O 12. Nbd2 e5 13. Rad1 Qa5 14. a3 Rfe8 15.
Bc2 Rac8 16. Bg3 Bf8 17. h3 c4 18. Rfe1 Qb6 19. Nf1 Qe6 20. Bb1 a5 21. Rc1 Ba6
22. Bc2 Bb7 23. Rcd1 b4 24. axb4 axb4 25. N3d2 bxc3 26. bxc3 Nc5 27. Nxc4 Ba6
28. Nfe3 Ncxe4 29. Bxe5 Qxe5 30. Nxe5 Bxe2 31. Nxf7 Bxd1 0-1

[Event "SR 3. liga A2 2008/2009"]
[Site "?"]
[Date "2008.11.16"]
[Round "2.7"]
[White "Svoboda, Adam"]
[Black "Hrubsa, Marian"]
[Result "0-1"]
[WhiteElo "1815"]
[BlackElo "1919"]
[PlyCount "124"]
[EventDate "2008.??.??"]

1. e4 e6 2. d4 d5 3. Nc3 Nf6 4. e5 Nfd7 5. Nf3 Be7 6. Bd3 c5 7. Be3 c4 8. Be2
Nc6 9. O-O a6 10. a4 O-O 11. b3 cxb3 12. cxb3 f5 13. Bd3 g5 14. Ne2 Kh8 15. g3
Rg8 16. Ne1 Nf8 17. Ng2 Ng6 18. f3 Bd7 19. Kf2 Nb4 20. Bb1 Rc8 21. Rh1 Rc7 22.
f4 gxf4 23. Ngxf4 Nxf4 24. Bxf4 Qc8 25. Qd2 Be8 26. Bd3 Bh5 27. Rac1 Bxe2 28.
Qxe2 Rc3 29. Bb1 Rxc1 30. Rxc1 Nc6 31. Bd3 Qe8 32. Qe3 Qh5 33. Kg2 Ba3 34. Rc2
Be7 35. Be2 Qe8 36. Qd2 Qa8 37. Bh5 Bb4 38. Qe3 Qf8 39. Bg5 Be7 40. Bh6 f4 41.
Bxf8 fxe3 42. Bxe7 Nxe7 43. Re2 Kg7 44. Rxe3 Rc8 45. Bg4 Rc2+ 46. Kf3 Nc6 47.
Rd3 Kf7 48. h4 Nb4 49. Re3 Rd2 50. Rc3 Nc6 51. Ke3 Rxd4 52. Rxc6 Re4+ 53. Kf3
bxc6 54. Bh3 Rxe5 55. Bf1 a5 56. Bd3 h6 57. Kf4 Kf6 58. g4 Re1 59. Ba6 e5+ 60.
Kf3 Rb1 61. Bb7 Rxb3+ 62. Ke2 Rxb7 0-1

[Event "SR 3. liga A2 2008/2009"]
[Site "?"]
[Date "2008.11.16"]
[Round "2.8"]
[White "Brisudova, Veronika"]
[Black "Puskas, Miroslav"]
[Result "1/2-1/2"]
[WhiteElo "1777"]
[BlackElo "2001"]
[PlyCount "93"]
[EventDate "2008.??.??"]

1. e4 c5 2. Nf3 Nc6 3. d4 cxd4 4. Nxd4 d6 5. Nc3 Nf6 6. Be2 e5 7. Nb3 Be6 8.
Bg5 Be7 9. Qd2 a5 10. Rd1 a4 11. Nc1 O-O 12. Bxf6 gxf6 13. Nd5 f5 14. exf5 Bxf5
15. Nxe7+ Qxe7 16. Qxd6 Qg5 17. O-O Bxc2 18. Rde1 Rfd8 19. Qc5 Qd2 20. Qe3 Bg6
21. Qg3 Rd4 22. h4 Kh8 23. h5 Bf5 24. Rd1 Qh6 25. Rxd4 exd4 26. Qc7 Rg8 27.
Qxf7 Be6 28. Qxb7 Bd5 29. g3 Qe6 30. Kh2 Qe4 31. Rg1 Ne5 32. Qb5 Rf8 33. f4
Nf3+ 34. Bxf3 Qxf3 35. Qe2 Qxe2+ 36. Nxe2 d3 37. Nc3 Bf3 38. Nxa4 d2 39. Nc3
Rb8 40. Nd1 Bxh5 41. g4 Bf7 42. Rg2 Rd8 43. b3 h5 44. gxh5 Bxh5 45. Rg1 Re8 46.
Nb2 Re1 47. Kg2 $11 1/2-1/2

[Event "SR 3. liga A2 2008/2009"]
[Site "?"]
[Date "2008.11.16"]
[Round "2.1"]
[White "Sekera, Branislav"]
[Black "Ambros, Rafael"]
[Result "1-0"]
[WhiteElo "2138"]
[BlackElo "2082"]
[PlyCount "108"]
[EventDate "2008.??.??"]

1. d4 Nf6 2. c4 g6 3. Nf3 Bg7 4. Nc3 d5 5. e3 O-O 6. b3 c5 7. Bb2 cxd4 8. exd4
Nc6 9. Be2 Bf5 10. O-O Rc8 11. Rc1 Bh6 12. Re1 Qa5 13. c5 Rfd8 14. a3 Ne4 15.
b4 Qc7 16. Ra1 Bg7 17. Bf1 a6 18. h3 h5 19. Ne2 Bh6 20. Qb3 Kh7 21. Rad1 Be6
22. Bc1 Bxc1 23. Nxc1 Qf4 24. Ne2 Qf6 25. Qe3 Qg7 26. Nf4 Qf6 27. g3 Bf5 28.
Bg2 Ng5 29. Nxg5+ Qxg5 30. Nxd5 Qxe3 31. fxe3 Kg7 32. Nb6 Rc7 33. Kh2 g5 34. h4
f6 35. Rc1 e6 36. Nc4 Bd3 37. Nd6 Rg8 38. Rcd1 Bg6 39. Nxb7 Rxb7 40. Bxc6 Rc7
41. Bg2 Kf7 42. d5 gxh4 43. gxh4 Bf5 44. d6 Ra7 45. c6 e5 46. Bd5+ Be6 47. Rg1
Rf8 48. Bf3 Rh8 49. d7 Ke7 50. Rg7+ Kd8 51. Bd5 Bg4 52. Rf1 f5 53. a4 Rf8 54.
Rf2 Kc7 1-0

[Event "SR 3. liga A2 2008/2009"]
[Site "?"]
[Date "2008.11.16"]
[Round "2.2"]
[White "Pribila, Michal"]
[Black "Sturdik, Igor"]
[Result "0-1"]
[WhiteElo "2099"]
[BlackElo "2022"]
[PlyCount "52"]
[EventDate "2008.??.??"]

1. e4 Nf6 2. e5 Nd5 3. d4 d6 4. c4 Nb6 5. exd6 exd6 6. Nc3 Be7 7. Bd3 O-O 8.
Qc2 g6 9. Be3 Nc6 10. a3 Bf6 11. Nge2 Re8 12. O-O-O d5 13. c5 Nc4 14. Nxd5 Nxe3
15. Nxf6+ Qxf6 16. fxe3 Rxe3 17. Qd2 Re7 18. Rdf1 Qg7 19. Rf4 Be6 20. Bb5 Rd8
21. Bxc6 bxc6 22. Rd1 Bb3 23. Re1 Rde8 24. Qb4 Bd5 25. Rf2 Qh6+ 26. Kd1 Qe3 0-1

[Event "SR 3. liga A2 2008/2009"]
[Site "?"]
[Date "2008.11.16"]
[Round "2.3"]
[White "Lukac, Tomas"]
[Black "Pribila, Gerhard"]
[Result "1/2-1/2"]
[WhiteElo "1824"]
[BlackElo "2013"]
[PlyCount "107"]
[EventDate "2008.??.??"]

1. e4 c5 2. Nf3 d6 3. d4 cxd4 4. Nxd4 Nf6 5. Nc3 g6 6. Be3 Bg7 7. f3 O-O 8. Qd2
Nc6 9. O-O-O d5 10. Kb1 Nxd4 11. e5 Nxf3 12. gxf3 Nd7 13. Nxd5 Bxe5 14. Bg5 Re8
15. Bh3 f6 16. Bf4 e6 17. Rhe1 Kh8 18. Nxf6 Qxf6 19. Qxd7 Bxd7 20. Bxe5 Qxe5
21. Rxe5 Bc6 22. Rde1 Bxf3 23. b3 Kg7 24. Rxe6 Rxe6 25. Rxe6 Kf7 26. Re3 Bc6
27. c4 Re8 28. Rxe8 Bxe8 29. Kc2 Kf6 30. Kc3 Ke5 31. Bg2 b6 32. b4 g5 33. a3 h5
34. c5 bxc5 35. bxc5 a5 36. Kc4 g4 37. c6 Kd6 38. Kb5 Kc7 39. Kc5 Bg6 40. Kd4
Bc2 41. Ke3 $11 h4 42. Kf4 Bd1 43. Be4 Kd6 44. Bf5 g3 45. hxg3 hxg3 46. Kxg3
$11 Kxc6 47. Kf2 Kc5 48. Ke1 Ba4 49. Kd2 Kd4 50. Kc1 Kc3 51. Be6 Bb5 52. Kb1 a4
53. Ka2 Bd3 54. Bd7 1/2-1/2